00542nam a2200145 a 450000100100000000500170001000800410002704000250006810000300009324500680012326000470019130000360023895201050027499900170037900003860820201002031318.0130416s1995 dr ac 000 0 spa d aDO-SdBNPbspacBNPHU1 aAlburquerque, Luis91542210aBanco central Valdez Albizu y banreservas /cLuis Alburquerque. aSanto domingo :bImprenta Mercedes,c1995. a173 p. :bil., retrs. ;c22 cm. 0010718PDaPDbPDcCTd2013-04-16iLF1l0o p38608-10r2020-06-25w2020-06-25yLFPDZNo se presta c38098d38098